|
|
|
|
| LEADER |
00000nam a2200000 4500 |
| 001 |
vtls012254334 |
| 003 |
SK-MaSNL |
| 005 |
20260420081055.0 |
| 008 |
240410s2020 ne ba f n 001 0beng |
| 020 |
|
|
|a 9789004361355
|q (viazané)
|
| 020 |
|
|
|a 9789004416833
|q (e-book)
|
| 022 |
|
|
|a 2214-3289
|
| 040 |
|
|
|a SNK
|b slo
|c SNK
|e rda
|
| 041 |
0 |
|
|a eng
|
| 044 |
|
|
|a ne
|c NL
|a xxu
|c US
|
| 080 |
|
|
|2 2011
|
| 100 |
1 |
|
|a Aspaas, Per Pippin
|4 aut
|9 394901
|
| 245 |
1 |
0 |
|a Maximilian Hell (1720-92) and the ends of Jesuit science in enlightenment Europe
|c by Per Pippin Aspaas, László Kontler
|
| 264 |
|
1 |
|a Leiden
|a Boston
|b Brill
|c [2020]
|
| 264 |
|
4 |
|c ©2020
|
| 300 |
|
|
|a viii, 477 strán
|b ilustrácie, mapy
|c 24 cm
|
| 336 |
|
|
|a text
|b txt
|2 rdacontent
|
| 337 |
|
|
|a bez média
|b n
|2 rdamedia
|
| 338 |
|
|
|a zväzok
|b nc
|2 rdacarrier
|
| 490 |
1 |
|
|a Jesuit studies
|v Volume 27
|
| 500 |
|
|
|a Obsahuje zoznam ilustrácií, máp a zoznam skratiek
|
| 504 |
|
|
|a Obsahuje bibliografiu a register
|
| 600 |
1 |
7 |
|a Hell, Maximilián,
|d 1720-1792
|2 SNKMA
|9 38429
|
| 655 |
|
7 |
|a biografie
|2 SNKPH
|9 27965
|
| 655 |
|
7 |
|a Biography
|2 SNKPHeng
|9 266314
|
| 700 |
1 |
|
|a Kontler, László,
|d 1959-
|4 aut
|9 394902
|
| 830 |
|
0 |
|a Jesuit studies
|9 1637234
|
| 852 |
|
|
|a Slovenská národná knižnica
|
| 919 |
|
|
|a 978-90-04-36135-5
|
| 919 |
|
|
|a 978-90-04-41683-3
|
| 958 |
|
|
|a ZS
|
| 958 |
|
|
|a NB
|
| 999 |
|
|
|c 644613
|d 646543
|
| 952 |
|
|
|t 1
|a SNK
|b SNK
|y NEVYP
|7 1
|p 17A1578348
|o snkSC 214219
|i snk2026/5646
|8 4
|g 169.18
|0 0
|1 0
|2 udc
|4 0
|d 2024-04-10
|l 0
|r 2026-02-23 18:03:00
|w 2026-02-23
|